Library Banner

Pre-Independence Indian Muslim mindset (Record no. 67882)

MARC details
000 -LEADER
fixed length control field 00409nam a22001577a 4500
005 - DATE AND TIME OF LATEST TRANSACTION
control field 20171028110034.0
008 - FIXED-LENGTH DATA ELEMENTS--GENERAL INFORMATION
fixed length control field 150314b xxu||||| |||| 00| 0 eng d
020 ## - INTERNATIONAL STANDARD BOOK NUMBER
International Standard Book Number 9698380442
040 ## - CATALOGING SOURCE
Transcribing agency PK-LaUMT
082 ## - DEWEY DECIMAL CLASSIFICATION NUMBER
Classification number KHC 954.0359
Item number GHU-P
100 ## - MAIN ENTRY--PERSONAL NAME
Personal name Ghulam Kibria
245 ## - TITLE STATEMENT
Title Pre-Independence Indian Muslim mindset
Statement of responsibility, etc Ghulam Kibria
260 ## - PUBLICATION, DISTRIBUTION, ETC. (IMPRINT)
Place of publication, distribution, etc Karachi
Name of publisher, distributor, etc City Press
Date of publication, distribution, etc 2001
300 ## - PHYSICAL DESCRIPTION
Extent 250 p.
942 ## - ADDED ENTRY ELEMENTS (KOHA)
Koha item type Books
Holdings
Withdrawn status Lost status Damaged status Home library Current library Date acquired Full call number Barcode Date last seen Price effective from Koha item type
      UMT Main Campus UMT Main Campus 2015-03-14 KHC 954.0359 GHU-P 73872 2015-03-14 2015-03-14 Books